<?xml version="1.0" encoding="UTF-8"?>
<record
    xmlns:xsi="http://www.w3.org/2001/XMLSchema-instance"
    xsi:schemaLocation="http://www.loc.gov/MARC21/slim http://www.loc.gov/standards/marcxml/schema/MARC21slim.xsd"
    xmlns="http://www.loc.gov/MARC21/slim">

  <leader>03690nam a2200337 a 4500</leader>
  <controlfield tag="001"> </controlfield>
  <controlfield tag="003">OSt</controlfield>
  <controlfield tag="005">20230602125433.0</controlfield>
  <controlfield tag="007">ta</controlfield>
  <controlfield tag="008">100322s2016    dr a          000 0 spa d</controlfield>
  <datafield tag="020" ind1=" " ind2=" ">
    <subfield code="a">9789945590432</subfield>
  </datafield>
  <datafield tag="040" ind1=" " ind2=" ">
    <subfield code="a">BPMSU</subfield>
    <subfield code="b">spa</subfield>
    <subfield code="c">BPMSU </subfield>
  </datafield>
  <datafield tag="082" ind1=" " ind2=" ">
    <subfield code="a">027.4</subfield>
    <subfield code="b">J82c</subfield>
    <subfield code="2">22</subfield>
  </datafield>
  <datafield tag="111" ind1="2" ind2=" ">
    <subfield code="a">Jornada del Conocimiento Bilbioteca Juan Bosch</subfield>
    <subfield code="n">(1 : </subfield>
    <subfield code="d">2014 :</subfield>
    <subfield code="c">Santo Domingo)</subfield>
    <subfield code="g"> </subfield>
  </datafield>
  <datafield tag="245" ind1="0" ind2="4">
    <subfield code="a">Los centros de informaci&#xF3;n :</subfield>
    <subfield code="b">motores del cambio que transforman vidas /</subfield>
    <subfield code="c">editora Aida Montero.</subfield>
  </datafield>
  <datafield tag="260" ind1=" " ind2=" ">
    <subfield code="a">Santo Domingo : </subfield>
    <subfield code="b">FUNGLODE ;</subfield>
    <subfield code="b">Biblioteca Juan Bosch,</subfield>
    <subfield code="c">2016.</subfield>
  </datafield>
  <datafield tag="300" ind1=" " ind2=" ">
    <subfield code="a">202 p. :</subfield>
    <subfield code="b">il. ;</subfield>
    <subfield code="c">24 cm.</subfield>
  </datafield>
  <datafield tag="490" ind1="0" ind2=" ">
    <subfield code="a">Bibliotecolog&#xED;a</subfield>
  </datafield>
  <datafield tag="500" ind1=" " ind2=" ">
    <subfield code="a">Incluye referencias bibliogr&#xE1;ficas y notas al pie de las p&#xE1;ginas.</subfield>
  </datafield>
  <datafield tag="504" ind1=" " ind2=" ">
    <subfield code="a">Incluye bibliograf&#xED;a </subfield>
  </datafield>
  <datafield tag="505" ind1="0" ind2=" ">
    <subfield code="a">Introducci&#xF3;n --</subfield>
    <subfield code="t">Discurso de apertura: Centros de informaci&#xF3;n: motores que transforman vidas /</subfield>
    <subfield code="r">Aida Montero </subfield>
    <subfield code="t">Panel "La responsabilidad social de las bibliotecas p&#xFA;blicas en apoyo de las comunidades". Biblioteca P&#xFA;blica Juan S&#xE1;nchez Lamouth: un modelo de trabajo cooperativo basado en la pasi&#xF3;n y la vocaci&#xF3;n social /</subfield>
    <subfield code="r">Dionicio de Jes&#xFA;s Pe&#xF1;a </subfield>
    <subfield code="t">La biblioteca del Centro Cultural Mauricio B&#xE1;ez: una apuesta por el desarrollo humano /</subfield>
    <subfield code="r">C&#xE9;sar Leonardo Heredia Guerra </subfield>
    <subfield code="t">La Biblioteca Infantil y Juvenil Rep&#xFA;blica Dominicana. Un modelo de animaci&#xF3;n a la lectura /</subfield>
    <subfield code="r">Dulce Elvira de los Santos </subfield>
    <subfield code="t">La biblioteca del Ateneo Amantes de la Luz, Inc. Una iniciativa privada de acceso p&#xFA;blico con 140 a&#xF1;os de historia /</subfield>
    <subfield code="r">Carmen P&#xE9;rez Valerio </subfield>
    <subfield code="t">Visi&#xF3;n cr&#xED;tica del presente y futuro de las bibliotecas p&#xFA;blicas dominicanas como agentes transformadores del cambio /</subfield>
    <subfield code="r">C&#xE9;lida Cointa &#xC1;lvarez Armenteros </subfield>
    <subfield code="t">Panel "Experiencias transformadoras a trav&#xE9;s del libro, la lectura y las bibliotecas"</subfield>
    <subfield code="t">Las bibliotecas comunitarias: una propuesta innovadora en la transformaci&#xF3;n de las comunidades. El caso de los CTC /</subfield>
    <subfield code="r">Teresa Peralta</subfield>
    <subfield code="t"> Mi barrio en letras: un fen&#xF3;meno literario y cultural transformador /</subfield>
    <subfield code="r">Ysabel Florentino y Ram&#xF3;n An&#xED;bal Mesa </subfield>
    <subfield code="t">Panel "Bibliotecas universitarias y especializadas"</subfield>
    <subfield code="t">El Sistema Nacional de Bibliotecas Judiciales (SINABIJ): del servicio disgregado al servicio integrado /</subfield>
    <subfield code="r">Dilenia Lorenzo</subfield>
    <subfield code="t"> Biblioteca Pedro Mir. Su impacto transformador en la comunidad acad&#xE9;mica /</subfield>
    <subfield code="r">Jocelyn Polanco </subfield>
    <subfield code="t">Biblioteca Juan Bosch: una "Biblioteca Viva" que transforma a la comunidad /</subfield>
    <subfield code="r">Izaskun Herrojo Salas</subfield>
    <subfield code="t">El rol de las bibliotecas universitarias desde la perspectiva de la Asociaci&#xF3;n de Bibliotecas Universitarias Dominicanas (ABUD) /</subfield>
    <subfield code="r">Elo&#xED;sa Marrero Sera, MsC </subfield>
    <subfield code="t">Panel "El papel de la cooperaci&#xF3;n internacional en el desarrollo de las bibliotecas"</subfield>
    <subfield code="t">La incidencia de la cooperaci&#xF3;n en el desarrollo de las bibliotecas dominicanas. Caso: Fundaci&#xF3;n Apoyo al Desarrollo de las Bibliotecas (Fundebido) /</subfield>
    <subfield code="r">Belka Villar</subfield>
    <subfield code="t">Impacto comunitario de los servicios de la Biblioteca del Centro Cultura de Espa&#xF1;a /</subfield>
    <subfield code="r">Ricardo V&#xE9;rgez-Vanderhorst </subfield>
    <subfield code="t">Innovaciones en las bibliotecas para el desarrollo internacional: mirando hacia el exterior para el avance de la comunidad con necesidades cr&#xED;ticas /</subfield>
    <subfield code="r">Valarie Hunsinger </subfield>
    <subfield code="t">Discurso de clausura. Aida Montero </subfield>
    <subfield code="t">Conferencia magistral: El derecho a las bibliotecas: una declaraci&#xF3;n /</subfield>
    <subfield code="r">Courtney Young.</subfield>
  </datafield>
  <datafield tag="590" ind1=" " ind2=" ">
    <subfield code="a">Inventariado, 2020/VM</subfield>
  </datafield>
  <datafield tag="650" ind1=" " ind2="7">
    <subfield code="a">Bibliotecas p&#xFA;blicas </subfield>
    <subfield code="z">Rep&#xFA;blica Dominicana</subfield>
    <subfield code="v">Congresos, conferencias, etc.</subfield>
  </datafield>
  <datafield tag="650" ind1=" " ind2="4">
    <subfield code="a">Centros de documentaci&#xF3;n</subfield>
    <subfield code="z">Rep&#xFA;blica Dominicana</subfield>
    <subfield code="v">Congresos, conferencias, etc.</subfield>
    <subfield code="x"> </subfield>
  </datafield>
  <datafield tag="650" ind1=" " ind2="4">
    <subfield code="a">Sociedad de la informaci&#xF3;n </subfield>
    <subfield code="v">Congresos, conferencias, etc.</subfield>
  </datafield>
  <datafield tag="700" ind1="1" ind2=" ">
    <subfield code="a">Montero, Aida</subfield>
    <subfield code="e">ed.</subfield>
  </datafield>
  <datafield tag="710" ind1="2" ind2=" ">
    <subfield code="a">Fundaci&#xF3;n Global Democrac&#xED;a y Desarrollo</subfield>
  </datafield>
  <datafield tag="910" ind1=" " ind2=" ">
    <subfield code="a">VMateo  </subfield>
  </datafield>
  <datafield tag="942" ind1=" " ind2=" ">
    <subfield code="2">ddc</subfield>
    <subfield code="c">BK</subfield>
  </datafield>
  <datafield tag="952" ind1=" " ind2=" ">
    <subfield code="0">0</subfield>
    <subfield code="1">0</subfield>
    <subfield code="2">ddc</subfield>
    <subfield code="4">0</subfield>
    <subfield code="7">0</subfield>
    <subfield code="8">CD</subfield>
    <subfield code="a">BPMET</subfield>
    <subfield code="b">BPMET</subfield>
    <subfield code="d">2021-06-08</subfield>
    <subfield code="e">FUNGLODE</subfield>
    <subfield code="o">BPMSU CD 027.4 J82c 2016</subfield>
    <subfield code="p">BPMSU21060025</subfield>
    <subfield code="r">2021-06-08</subfield>
    <subfield code="w">2021-06-08</subfield>
    <subfield code="y">BK</subfield>
  </datafield>
  <datafield tag="956" ind1=" " ind2=" ">
    <subfield code="a"> </subfield>
  </datafield>
  <datafield tag="999" ind1=" " ind2=" ">
    <subfield code="c">13560</subfield>
    <subfield code="d">13560</subfield>
  </datafield>
</record>
